| 000 | 00707cam a22001931 4500 | ||
|---|---|---|---|
| 082 |
_a671.732 _bELE _cL-11, P-2 |
||
| 100 | 1 | _aMolloy, Edward, | |
| 245 | 1 | 0 |
_aElectro-plating and anodising, _bcovering gold, silver, nickel, copper, chromium, cadmium, tin, lead and zinc plating. Also anodising and aluminium plating. |
| 250 | _a[4th ed.] | ||
| 260 |
_aLondon, _bG. Newnes _c[1948] |
||
| 300 |
_aviii, 232 p. _billus. _c19 cm. |
||
| 490 | 0 | _aNewnes' Electrical engineer series, | |
| 500 | _aFirst ed. by J. Rosslyn; general editor, E. Molloy. | ||
| 526 |
_a0 _b0 _c0 _d671_732000000000000_ELE |
||
| 650 | 0 |
_aElectroplating. _945059 |
|
| 650 | 0 |
_aMCE _9379 |
|
| 700 | 1 |
_aRosslyn, J. _945070 |
|
| 942 |
_2ddc _cBK |
||
| 999 |
_c548672 _d548672 |
||